| 000 | 00580nam a22002177a 4500 | ||
|---|---|---|---|
| 001 | 00260 | ||
| 003 | DO-SdBNP | ||
| 005 | 20180126093438.0 | ||
| 008 | 151125b 1995 nyu xxu||||| |||| 00| 0 spa d | ||
| 020 | _a0440222842 | ||
| 040 |
_aBPMSU _bspa _cBPMSU |
||
| 092 |
_axxxx _bxxxx |
||
| 100 | 1 | _aSteel, Danielle | |
| 245 | 1 | 0 |
_aFive days in Paris : _ba novel / _cDanielle Steel |
| 260 |
_aNew York, N.Y. : _bDelacorte Press, _c1995. |
||
| 300 |
_a291 p. ; _c20 cm. |
||
| 910 | _a00260 | ||
| 942 |
_2ddc _cBK |
||
| 945 | _aInventariado, 2018 / YL | ||
| 956 |
_aLOPEREZ _b10 _cBPMSU |
||
| 999 |
_c8901 _d8901 |
||